1292 1792 1058 1556 1628 1942 1012 1482 1957 1816 1541 1210 1578 1542 1332 1133 1131 1925 1412 1662 1497 1321 1910 1740 1337 1056 1528 1243 1310 1939 1787 1265 1998 1106 1671 1449 1372 1679 1573 1147 1975 1789 1471 1608 1818 1423 1619 1522 1880 1026 1396 1720 1244 1049 1817 1727 1402 1293 1547 1655 1447 1970 1768 1683 1119 1198 1184 1283 1315 1245 1530 1923 1487 1805 1116 1400 1537 1631 1861 1952 1022 1495 1066 1635 1111 1514 1852 1573 1653 1374 1837 1333 1143 1678 1277 1984 1778 1507 1257 BCNSPRNW ULIB Ver.6.0+V

เปลี่ยนเป็นภาษาไทย

Change to English
 แสดงรายละเอียดบรรณานุกรม
  กลับหน้าหลัก

Brief Record : Get Marc (ISO 2709) : E-mail record : QR code < ปิดหน้าต่าง
LEADER : 00000nam 2200000uu 4500
001    13399126859
003     ULIB
008    020711s2562 th a 000 0 tha d
060    ู^aWT31^bส226บ
110    ^aสภาการพยาบาล
245    ^aบทบาทพยาบาลในการจัดการระบบการดูแลสุขภาพกรณีการดูแลระยะยาวสำหรับผู้สูงอายุ
250    ^aพิมพ์ครั้งที่ 1
260    ^aนนทบุรี :^bสภาการพยาบาล,^c2562
300    ^a356 หน้า;^b27 ซม.
650    ^aผู้สูงอายุ
945    ^p0^l0^i005546
999    ^aประนอม เกษจรัล
รายการนี้ยังไม่มีแท็ก
คุณยังไม่ได้ล็อกอิน คุณสามารถมีกิจกรรมร่วมกับเว็บไซต์ได้ แต่ต้องล็อกอินก่อน ::
  ล็อกอิน

รายการสื่อสารสนเทศ

ลำดับที่ ประเภท เลขเรียก/บาร์โค้ด สถานที่ สถานะ
1. วิทยาศาสตร์การแพทย์ และสุขภาพ
หนังสือสำรอง
สถานะ=หนังสือสำรอง
ู WT31 ส226บ ฉ.1 
  Barcode: 005546
ห้องสมุดวิทยาเขตสวรรค์ประชารักษ์
►หนังสือทั่วไป
บนชั้น

รายการใกล้เคียง
    หัวเรื่อง [ผู้สูงอายุ]

BibComment


ยังไม่เคยถูกคอมเมนท์

คอมเมนท์ทรัพยากรรายการนี้
  คอมเมนท์: บทบาทพยาบาลในการ..


 Copyright 2026. Bcnsprnw @Library